Functional Endoscopic Sinus Surgery : (Registro nro. 30919)

Detalles MARC
000 -LEADER
fixed length control field 01086nam a22002057a 4500
003 - CONTROL NUMBER IDENTIFIER
control field CO-CtgCURN
005 - DATE AND TIME OF LATEST TRANSACTION
control field 20250424131551.0
008 - FIXED-LENGTH DATA ELEMENTS--GENERAL INFORMATION
fixed length control field 250424b |||||||| |||| 00| 0 eng d
040 ## - CATALOGING SOURCE
Original cataloging agency CO-CtgCURN
Language of cataloging spa
Transcribing agency coctgcurn
082 ## - DEWEY DECIMAL CLASSIFICATION NUMBER
Edition information 19 ed
Classification number 611.2
Item number S783
100 ## - MAIN ENTRY--PERSONAL NAME
Personal name Stammberger, Heinz.
245 ## - TITLE STATEMENT
Title Functional Endoscopic Sinus Surgery :
Remainder of title El acceso endoscópico al seno frontal. Una técnica quirúrgica de la escuela de Graz
Statement of responsibility, etc. Heinz Stammberger
260 ## - PUBLICATION, DISTRIBUTION, ETC.
Place of publication, distribution, etc. Alemania:
Name of publisher, distributor, etc. Editorial Endo-Press
Date of publication, distribution, etc. 2000
300 ## - PHYSICAL DESCRIPTION
Extent 40 páginas,
Other physical details ilustraciones, fotografías a color.
505 ## - FORMATTED CONTENTS NOTE
Formatted contents note Introducción-- Anatomía y fisiología del receso frontal y del seno frontal.-- Variantes de la apófisis unciforme.-- "Uncaping the Egg" El huevo del desayuno. -- Cuidados posteriores.-- Telescopios e instrumentos .-- Representación de los distintos pasos quirúrgicos en un preparado anatómico con topografía sencilla.--
650 ## - SUBJECT ADDED ENTRY--TOPICAL TERM
Topical term or geographic name entry element Endoscopia nasal.
650 ## - SUBJECT ADDED ENTRY--TOPICAL TERM
Topical term or geographic name entry element Seno frontal
General subdivision Anatomía
650 ## - SUBJECT ADDED ENTRY--TOPICAL TERM
Topical term or geographic name entry element Seno frontal
Form subdivision Fisiología
942 ## - ADDED ENTRY ELEMENTS (KOHA)
Source of classification or shelving scheme Dewey Decimal Classification
Koha item type Libros
Classification part 611.2
Item part S783
Suppress in OPAC No
Existencias
Withdrawn status Lost status Source of classification or shelving scheme Damaged status Not for loan Collection Home library Current library Shelving location Date acquired Inventory number Total checkouts Full call number Barcode Date last seen Price effective from Koha item type
    Dewey Decimal Classification     General Miguel Henríquez Emiliani Miguel Henríquez Emiliani General 04/24/2025 024584   611.2 S678 024584 04/24/2025 04/24/2025 Libros